ព្រៃលិចទឹកក្នុងខេត្តកណ្តាល (Record no. 3547)
[ view plain ]
| 000 -LEADER | |
|---|---|
| fixed length control field | 00469nam a22001577a 4500 |
| 003 - CONTROL NUMBER IDENTIFIER | |
| control field | OSt |
| 005 - DATE AND TIME OF LATEST TRANSACTION | |
| control field | 20151117153634.0 |
| 008 - FIXED-LENGTH DATA ELEMENTS--GENERAL INFORMATION | |
| fixed length control field | 151117b xxu||||| |||| 00| 0 eng d |
| 040 ## - CATALOGING SOURCE | |
| Transcribing agency | RUA |
| 082 ## - DEWEY DECIMAL CLASSIFICATION NUMBER | |
| Classification number | FIS ហេង 1991 B145 Or.1 |
| 100 ## - MAIN ENTRY--PERSONAL NAME | |
| 9 (RLIN) | 3814 |
| Personal name | ហេង សុថារិទ្ធ |
| 245 ## - TITLE STATEMENT | |
| Title | ព្រៃលិចទឹកក្នុងខេត្តកណ្តាល |
| 260 ## - PUBLICATION, DISTRIBUTION, ETC. (IMPRINT) | |
| Place of publication, distribution, etc. | Phnom Penbh |
| Name of publisher, distributor, etc. | RUA |
| Date of publication, distribution, etc. | 1991 |
| 300 ## - PHYSICAL DESCRIPTION | |
| Extent | 95p. |
| Other physical details | ill. |
| Dimensions | 29cm. |
| 942 ## - ADDED ENTRY ELEMENTS (KOHA) | |
| Source of classification or shelving scheme | |
| Koha item type | FIS |
| Price effective from | Date last seen | Permanent Location | Not for loan | Date acquired | Source of classification or shelving scheme | Koha item type | Shelving location | Barcode | Lost status | Damaged status | Withdrawn status | Current Location | Full call number |
|---|---|---|---|---|---|---|---|---|---|---|---|---|---|
| 2015-11-17 | 2015-11-17 | Library Block B | 2015-11-17 | FIS | RUA036867 | Library Block B | FIS ហេង 1991 B145 Or.1 | ||||||
| 2015-11-17 | 2015-11-17 | Library Block B | 2015-11-17 | FIS | RUA035195 | Library Block B | FIS ហេង 1991 B145 Or.2 | ||||||
| 2015-11-18 | 2015-11-18 | Library Block B | 2015-11-18 | FIS | B145 | RUA020998 | Library Block B | FIS ហេង 1991 B145 Or.3 | |||||
| 2015-11-18 | 2015-11-18 | Library Block B | 2015-11-18 | FIS | B145 | RUA037700 | Library Block B | FIS ហេង 1991 B145 Or.4 | |||||
| 2015-11-18 | 2015-11-18 | Library Block B | 2015-11-18 | FIS | B145 | RUA036809 | Library Block B | FIS ហេង 1991 B145 Or.5 | |||||
| 2015-11-18 | 2015-11-18 | Library Block B | 2015-11-18 | FIS | B145 | RUA020860 | Library Block B | FIS ហេង 1991 B145 Or.6 |